Every Player to Catch a Touchdown from Josh Allen - Statistics

General Stats
  • This quiz has been taken 189 times
    166 since last reset
  • The average score is 9 of 27
Answer Stats
Number Player % Correct
31 Stefon Diggs
98%
23 Gabe Davis
87%
23 Dawson Knox
83%
11 Cole Beasley
64%
3 Devin Singletary
60%
1 James Cook
58%
9 John Brown
58%
1 Khalil Shakir
52%
13 Isaiah McKenzie
37%
2 Zack Moss
37%
1 Dion Dawkins
33%
5 Zay Jones
32%
5 Emmanuel Sanders
31%
1 Kelvin Benjamin
30%
3 Lee Smith
28%
2 Reggie Gilliam
21%
3 Robert Foster
21%
1 D'haquille Williams
17%
1 Jake Kumerow
17%
4 Tyler Kroft
17%
1 Tommy Sweeney
15%
2 Matt Breida
13%
1 Tommy Doyle
13%
1 TJ Yeldon
10%
1 Jason Croom
7%
1 Nyheim Hines
2%
1 Quintin Morris
2%
No matching quizzes found
Score Distribution
Percent of People with Each Score
Percentile by Number Answered
Your Score History
You have not taken this quiz since the last reset